Problemáticas en torno a la demolición de edificios en el derecho urbanístico (Registro nro. 32619)

Detalles MARC
000 -LEADER
fixed length control field 00373 a2200109 4500
001 - CONTROL NUMBER
control field ART_56482
005 - DATE AND TIME OF LATEST TRANSACTION
control field 20260410162016.0
008 - FIXED-LENGTH DATA ELEMENTS--GENERAL INFORMATION
fixed length control field 260409a
100 1# - MAIN ENTRY--PERSONAL NAME
Personal name Fiol, Gerardo
245 10 - TITLE STATEMENT
Title Problemáticas en torno a la demolición de edificios en el derecho urbanístico
773 0# - HOST ITEM ENTRY
Title Temas de derecho administrativo
Related parts - Año 7, N° 7 (jul. 2022)
Record control number REV40468

No hay ítems disponibles.